[Event "XII Americas Continental-ch 2017"]
[Site "Medellin"]
[Date "2017.06.16"]
[Round "9"]
[White "Cori Quispe, Kevin Joel"]
[Black "Flores, Diego"]
[Result "0-1"]
[WhiteElo "2390"]
[BlackElo "2567"]
[Annotator "TA"]
[PlyCount "84"]
[EventDate "2017.??.??"]
[EventType "swiss"]
[EventCountry "COL"]
[SourceTitle "playchess.com"]
[Source "ChessBase"]
[SourceQuality "1"]

{[%evp 18,84,85,76,90,49,52,52,52,39,51,29,45,25,65,27,66,27,36,16,31,6,5,8,35,9,12,0,0,14,6,-12,0,0,39,0,17,6,14,15,6,-14,-20,-32,9,12,6,0,0,0,0,0,0,0,0,0,0,-48,-40,-51,-51,-50,-51,-64,-31,-29995,-29996,-29996,-29997]} 1. e4 d5 2. exd5 Qxd5 3. Nc3 Qa5 4. d4 Nf6 5. Nf3 c6 6. Bc4 Bf5 7. Bd2 e6 8. Nd5 Qd8 9. Nxf6+ gxf6 10. c3 {LiveBook: 103 Games} Bg7 {B01: Scandinavian Defence} (10... Nd7 11. Nh4 Nb6 12. Bb3 Bd3 13. Qf3 Bc4 14. O-O-O Be7 15. Rhe1 Qd5 16. Qxd5 cxd5 17. Bf4 a5 18. Kb1 Bxb3 19. axb3 {½-½ (36) Cheparinov,I (2670)-Bauer,C (2634) Kemer 2007}) 11. Qe2 $146 ({Predecessor:} 11. h3 Nd7 12. O-O Bg6 13. Re1 O-O 14. Nh4 f5 15. Nxg6 hxg6 16. Qc1 Qh4 {½-½ (35) Rohler,S (2176)-Fabisch,C (2122) Austria 2015}) 11... Nd7 12. O-O O-O {White is slightly better.} 13. Bf4 Re8 14. Rad1 Bg6 15. Rfe1 Qa5 16. h3 Rad8 17. Bg3 Bh5 18. Qe3 Nb6 19. Bb3 Qf5 20. Nh4 {[%cal Bf3h4,Bh4f5,Bf5d6,Bd6e4,Be4g3,Bg3e2][%mdl 32]} Qb5 21. f3 (21. Ra1 {with more complications.} a5 22. Bc2 Nd5 23. Qc1 Qb6 24. a4) 21... a5 {[%cal Ba7a5,Ba5a4,Ba4a3][%mdl 32]} 22. Qe2 Qxe2 23. Rxe2 a4 24. Bc2 {[#] And now Bc7 would win.} Rd7 25. Nf5 a3 (25... Ra8 $5 {[%cal Re6f5]}) 26. Nd6 Red8 27. Ne4 $1 axb2 28. Bb3 Nd5 29. Be1 (29. Bxd5 $5 Rxd5 30. Bh4 $11 (30. Rxb2 f5 $11)) 29... b6 30. Rxb2 f5 31. Ng3 Bg6 32. Ne2 Ne3 33. Ra1 c5 $36 {[%cal Rc5d4][%mdl 2048] Black has the initiative.} 34. Bh4 cxd4 35. cxd4 ({Wrong is} 35. Bxd8 $2 dxc3 36. Rbb1 Rxd8 $19) 35... Rxd4 36. Nxd4 Rxd4 37. Bf2 Rd3 38. Rab1 Bxb2 39. Rxb2 f4 40. Bh4 Rc3 {aiming for ...Rc1+.} 41. Bf6 $2 {[%mdl 8192] [#]} (41. Rd2 $15) 41... Rc1+ 42. Kf2 Bd3 {Precision: White = 27%, Black = 63%.} 0-1

[Event "XII Americas Continental-ch 2017"]
[Site "Medellin"]
[Date "2017.06.16"]
[Round "9"]
[White "Rios Parra, Alejandro"]
[Black "Garcia Pantoja, Roberto"]
[Result "1/2-1/2"]
[WhiteElo "2345"]
[BlackElo "2500"]
[Annotator "TA"]
[PlyCount "116"]
[EventDate "2017.??.??"]
[EventType "swiss"]
[EventCountry "COL"]
[SourceTitle "playchess.com"]
[Source "ChessBase"]
[SourceQuality "1"]

{[%evp 19,116,-10,-17,-31,0,0,8,0,8,0,0,0,5,6,12,-29,-12,-29,-11,-20,-4,-7,-7,-36,-26,-72,-65,-97,-89,-92,-81,-101,-65,-75,-66,-66,-75,-100,-51,-59,-50,-85,-85,-83,-83,-83,-83,-81,-7,-6,-3,-14,0,0,0,-7,-7,-7,-7,-106,-10,-32,-8,-8,0,0,0,0,0,0,0,0,0,0,0,0,0,0,0,0,0,0,0,0,0,0,0,0,0,0,0,0,0,0,0,0,0,0,0]} 1. e4 c5 2. Nf3 d6 3. d4 cxd4 4. Nxd4 Nf6 5. Nc3 a6 6. f4 e5 7. Nf3 Nbd7 8. Bd3 Be7 9. O-O O-O 10. Kh1 b5 11. Qe1 {B93: Sicilian Najdorf: 6 f4} (11. a4 b4 12. Ne2 Bb7 13. Ng3 Nc5 14. fxe5 Nfxe4 15. Nf5 dxe5 16. Nxe5 Bf6 17. Ng4 Bg5 18. Be3 h5 {0-1 (35) Ponkratov,P (2603)-Kokarev,D (2612) Voronezh 2010}) 11... Rb8 12. fxe5 dxe5 13. Bg5 Re8 $146 ({Predecessor:} 13... h6 14. Bd2 Re8 15. a4 b4 16. Ne2 Bf8 {½-½ (16) Rios Parra,A (2304)-Garcia Pantoja,R (2464) Medellin 2016}) 14. a4 {[%cal Ra4b5]} b4 15. Nd1 h6 16. Bxf6 Nxf6 17. b3 Bc5 $36 {[%mdl 2048] Black fights for an advantage.} 18. Ne3 Be6 19. Qe2 Qc7 (19... Qb6 $5 {[%cal Rc5e3]} 20. Rae1 Bg4 $11) 20. Nh4 Bxe3 21. Qxe3 Nd7 22. Rf3 Nc5 23. Rg3 {[#] aiming for Qxh6.} Nxd3 24. cxd3 Kh7 25. d4 Qd8 26. Nf3 exd4 27. Nxd4 Rc8 28. Qf2 Qc7 29. Rf1 Qe5 30. Nf5 Bxf5 31. Qxf5+ Qxf5 32. exf5 $17 {[%mdl 4096] Endgame KRR-KRR} Rc5 33. h3 Ree5 (33... h5 $17) 34. Rf4 $1 $11 Rxf5 35. Rxb4 g5 36. Rb6 a5 37. Rf3 Rxf3 38. gxf3 {KR-KR} Rc2 39. b4 {[#]} (39. f4 $11) 39... axb4 ({Black should try} 39... Rf2 $1 $17 {And now ...axb4 would win.} 40. bxa5 Rxf3) 40. Rxb4 Rf2 41. f4 {The position is equal.} f5 ({Don't blunder} 41... Rxf4 $2 42. Rxf4 gxf4 43. a5 $18) 42. fxg5 hxg5 43. Rb6 Ra2 (43... Rf3 $5 {[%cal Rf3h3]} 44. Kg2 Ra3 $11) 44. Ra6 Kg7 45. Kg1 f4 46. a5 {[%cal Ba4a5,Ba5a6][%mdl 32]} Kf7 47. Kh1 f3 {( -> ...Ra1+)} (47... Ra3 $5 {[%cal Ra3h3]} 48. Kg2 Rg3+ 49. Kh2 Ra3 $11) 48. Kg1 Rg2+ 49. Kf1 Rh2 50. Rb6 Rxh3 51. a6 g4 52. Rb4 Rh1+ 53. Kf2 Rh2+ 54. Kf1 Ra2 55. Rxg4 Rxa6 56. Rf4+ Rf6 57. Rxf6+ Kxf6 58. Kf2 Ke5 {Precision: White = 58%, Black = 60%.} 1/2-1/2

[Event "XII Americas Continental-ch 2017"]
[Site "Medellin"]
[Date "2017.06.16"]
[Round "9"]
[White "Mendoza, Rafael"]
[Black "Barrientos, Sergio E"]
[Result "1/2-1/2"]
[WhiteElo "2293"]
[BlackElo "2463"]
[Annotator "TA"]
[PlyCount "109"]
[EventDate "2017.??.??"]
[EventType "swiss"]
[EventCountry "COL"]
[SourceTitle "playchess.com"]
[Source "ChessBase"]
[SourceQuality "1"]

{[%evp 9,109,22,22,16,14,-31,-18,-18,8,8,8,0,14,0,0,0,0,12,6,0,19,0,12,18,28,20,32,17,16,-6,31,4,36,10,2,11,4,7,26,0,-4,0,-3,-46,-31,-108,-139,-123,-128,-108,-121,-114,-60,-65,-60,-66,-69,-58,0,0,0,-23,-25,-26,0,0,0,-10,-8,-8,0,-17,-17,-17,433,433,433,-599,426,426,896,1131,1131,1092,968,637,670,637,637,144,144,0,0,0,0,0,0,0,0,0,0,8]} 1. c4 Nf6 2. Nc3 e6 3. Nf3 Bb4 4. Qc2 d6 (4... O-O 5. a3 Bxc3 6. Qxc3 a5 7. b4 d6 8. Bb2 e5 9. g3 Bd7 10. Bg2 Qc8 11. O-O Bh3 12. d3 Bxg2 13. Kxg2 Qd7 14. b5 {0-1 (50) Melkumyan,H (2653)-Eljanov,P (2741) Germany 2016}) 5. e3 O-O 6. Be2 {A17: English Opening: 1...Nf6 with ...Bb4} e5 7. a3 Bxc3 $1 8. Qxc3 c5 9. d3 a5 10. b3 Nc6 11. Bb2 Bg4 12. O-O Re8 13. Rfe1 $146 ({Predecessor:} 13. Rfd1 Qe7 14. h3 Bh5 15. Qe1 Rad8 16. Nd2 Bxe2 17. Qxe2 b6 18. Ne4 d5 19. cxd5 {½-½ (19) Iturrizaga Bonelli,E (2613)-Perez Ponsa,F (2533) Montevideo 2015}) 13... Rb8 14. Qc2 h6 15. Rad1 Qc8 16. h3 Bf5 17. Bf1 b5 18. Nd2 Bg6 19. Ba1 Qe6 20. Ne4 Ne7 21. Nxf6+ Qxf6 22. Qd2 b4 23. axb4 axb4 24. d4 Nc6 $36 {[%mdl 2048] Black fights for an advantage.} 25. dxc5 dxc5 26. Qb2 Ra8 27. f4 (27. Qc1 $15) 27... Be4 $17 28. Bd3 Bxd3 ({Don't do} 28... exf4 29. Qxf6 gxf6 30. Bxe4 $15) 29. Rxd3 {[#]} Qg6 $1 {[%cal Rg6d3]} 30. Red1 f6 ({Black should try} 30... exf4 $17 31. Rd6 Qg3 32. Rxc6 fxe3 33. Qxg7+ (33. Qe2 $2 Ra2 $19) 33... Qxg7 34. Bxg7 Kxg7 35. Rxc5 Ra3) 31. Rd6 $15 Qe4 32. Qf2 $1 exf4 (32... Ra3 {keeps more tension.} 33. fxe5 Nxe5 34. Bxe5 Rxe5 35. R6d3 Kh7) 33. exf4 Na5 (33... Rad8 $15) 34. Bxf6 $11 gxf6 35. Rxf6 {White threatens Qg3+ and mate.} Ra7 36. Qxc5 Qe3+ 37. Qxe3 Rxe3 38. f5 Rxb3 39. Rxh6 Nxc4 40. f6 Rba3 {...Ra1 is the strong threat.} 41. Rd4 b3 $2 {[%mdl 8192]} (41... Ne3 $11 {and Black is okay.}) 42. Rxc4 $18 {[%mdl 4096] Endgame KRR-KRR} b2 43. Rc8+ Kf7 44. Rb8 Rxh3 ({Don't go for} 44... Ra1+ $2 45. Kh2 $18) (44... Ra2 $142 45. Kh2 Ke6 46. Rb6+ Kf5 47. Rh5+ Kg6 48. f7+ Kxf7 49. Rh7+ Kg8 50. Rxa7 b1=Q 51. Rxb1 Rxa7) 45. Rxh3 {Rh7+ would kill now.} Ra1+ 46. Kf2 b1=Q 47. Rxb1 Rxb1 {KR-KR} 48. Rf3 Rb5 49. g4 $2 (49. Kg3 $18 {is more deadly. Hoping for Kg4.} Rb8 50. Rf5) 49... Rb8 {[#]} 50. Kg3 (50. g5 $1 $16) 50... Kg6 $1 $11 {The position is equal.} 51. f7 Rf8 52. Rf5 {Threatens to win with Kf4.} (52. Kh4 $5 {[%cal Rf3f5]} Rh8+ 53. Kg3 $11) 52... Rxf7 53. Rxf7 Kxf7 54. Kf4 {aiming for Kf5.} Kf6 55. Ke4 {Precision: White = 49%, Black = 53%.} 1/2-1/2

[Event "XII Americas Continental-ch 2017"]
[Site "Medellin"]
[Date "2017.06.17"]
[Round "10"]
[White "Bachmann, Axel"]
[Black "Bacallao Alonso, Yusnel"]
[Result "1/2-1/2"]
[WhiteElo "2653"]
[BlackElo "2554"]
[Annotator "TA"]
[PlyCount "66"]
[EventDate "2017.??.??"]
[EventType "swiss"]
[EventCountry "COL"]
[SourceTitle "playchess.com"]
[Source "ChessBase"]
[SourceQuality "1"]

{[%evp 22,66,16,10,49,39,95,106,111,120,133,117,121,77,77,64,75,76,62,55,89,62,83,85,85,77,109,0,0,0,0,0,0,0,0,0,0,0,0,0,0,0,0,0,0,0,0]} 1. c4 Nf6 2. Nf3 e6 3. d4 b6 4. g3 Bb7 5. Bg2 Be7 6. O-O O-O 7. Re1 d5 8. cxd5 exd5 9. Nc3 Nbd7 10. Bf4 c5 11. dxc5 Nxc5 12. Rc1 {LiveBook: 53 Games} Re8 {E17: Queen's Indian: 4 g3 Bb7 5 Bg2 Be7} 13. Nb5 (13. Nd4 a6 14. a3 Bf8 15. b4 Ne6 16. Nxe6 fxe6 17. Na4 Rc8 18. Rxc8 Qxc8 19. Qd4 b5 {0-1 (82) Nakamura,H (2787)-Carlsen,M (2853) chess.com INT 2016}) 13... Rf8 $146 ({Better is} 13... Ne6 $14) ({Predecessor:} 13... Ne6 14. Nc7 Nxc7 15. Rxc7 Bc8 16. Nd4 Bd6 17. Bxd6 Qxd6 18. Qc2 Bd7 19. Rc1 a5 20. e3 {½-½ (35) Boettcher,F (2177)-Vertongen,W (2166) LSS email 2011}) 14. Nfd4 $16 Qd7 {[#]White is better.} 15. b4 $1 Rfc8 16. bxc5 bxc5 17. Nc7 Rxc7 18. Bxc7 Qxc7 19. Qa4 g6 20. Red1 h5 21. e3 a6 22. Nb3 Rc8 23. Qa5 Qd6 24. Nxc5 (24. e4 $16) 24... Rxc5 $11 {The position is equal.} 25. Qxc5 Qxc5 26. Rxc5 Bxc5 27. Rb1 Bc6 {And now ...Bd7 would win.} 28. Rb8+ Be8 $1 29. Bxd5 a5 (29... Kf8 $5 {[%cal Rf6d5]} 30. Bc4 Nd7 $11) 30. Bc6 Kf8 $1 31. Bxe8 Nxe8 32. Rb5 Bb4 $1 33. a3 Bxa3 {Precision: White = 76%, Black = 46%.} 1/2-1/2

[Event "XII Americas Continental-ch 2017"]
[Site "Medellin"]
[Date "2017.06.17"]
[Round "10"]
[White "Cori, Jorge"]
[Black "Cordova, Emilio"]
[Result "0-1"]
[WhiteElo "2618"]
[BlackElo "2651"]
[Annotator "TA"]
[PlyCount "92"]
[EventDate "2017.??.??"]
[EventType "swiss"]
[EventCountry "COL"]
[SourceTitle "playchess.com"]
[Source "ChessBase"]
[SourceQuality "1"]

{[%evp 15,92,12,11,14,18,12,20,14,14,8,11,0,20,6,9,0,25,0,30,0,0,0,0,0,0,-3,0,-14,-21,-20,6,0,15,-23,-21,-23,13,27,29,-79,-90,-83,-58,-42,-52,-90,-88,-71,-60,-104,-95,-125,-88,-93,-87,-95,-50,-48,-17,-245,-166,-149,-172,-268,-259,-279,-280,-348,-320,-768,-775,-773,-750,-855,-855,-855,-855,-855,-855]} 1. d4 Nf6 2. Nf3 e6 3. e3 b6 4. Bd3 Bb7 5. O-O c5 6. b3 Be7 7. Bb2 O-O 8. Nbd2 d6 9. Re1 {A47: 1 d4 Nf6 2 Nf3 b6: Torre, London and Colle Systems} (9. c4 Nbd7 10. Qe2 Re8 11. Rfd1 Qc7 12. Rac1 Bf8 13. e4 e5 14. dxe5 dxe5 15. Nf1 g6 16. Bb1 Bh6 17. Rc3 Rad8 18. Rcd3 Rc8 19. Ng3 Nb8 {0-1 (49) Bartel,M (2629)-Socko,B (2631) Warsaw 2012}) 9... Nbd7 10. a3 Qc7 11. Rc1 {The position is equal.} Rfe8 12. c4 Rac8 13. Qc2 h6 $146 ({Predecessor:} 13... Qb8 14. Qb1 Bf8 15. h3 Qa8 16. Red1 Red8 17. Ng5 h6 18. Bh7+ {1-0 (18) Kovacevic,V (2499)-Kovacevic,B (2452) Sibenik 2008}) 14. Qb1 Qb8 15. b4 Qa8 16. Qa1 Bf8 17. Bf1 a6 18. h3 Red8 19. Bc3 cxd4 20. exd4 Rb8 21. Nh2 b5 22. c5 Nd5 23. Nb3 Nf4 {[%cal Rb7g2]} 24. f3 (24. g3 $5 {[%cal Rg3f4]} Nh5 25. Na5 $11) 24... e5 25. Na5 Ne6 26. Bb2 {[#] c6 is the strong threat.} Rbc8 27. cxd6 (27. c6 $1 $11 {remains equal.} Bxc6 28. Rxc6 Rxc6 29. d5) 27... Rxc1 $17 28. Rxc1 e4 29. Nxb7 Qxb7 30. fxe4 Qxe4 31. Re1 Qd5 32. Ng4 Bxd6 33. Qd1 Bg3 34. Re3 Bf4 $36 {[%mdl 2048] Hoping for ...h5. Black is in control.} 35. Rd3 h5 36. Ne5 Qa2 ({Don't play} 36... Bxe5 $6 37. dxe5 Qa2 38. Bc3 $16 (38. Rxd7 Rxd7 39. Qxd7 Qxb2 $14)) 37. Nxf7 $2 {[#]} (37. d5 $11 {and White has nothing to worry.} Nxe5 38. Bxe5 Bxe5 39. dxe6 Rxd3 40. exf7+ Qxf7 41. Bxd3) 37... Kxf7 ({Stronger than} 37... Qxb2 38. Nxd8 Nxd8 39. Qf3 $18) 38. d5 Nef8 ({Inferior is} 38... Qxb2 39. Qxh5+ Ke7 40. dxe6 $14) 39. Rb3 (39. Qxh5+ $142 Kg8 40. Bd4) 39... Be5 $19 40. d6 Kg8 41. Qd5+ Kh8 42. Bd3 $2 (42. Bxe5 Nxe5 43. Rd3) 42... Nf6 {Black is clearly winning.} 43. Qxe5 Qxb3 44. Qe7 Re8 45. Bxf6 Rxe7 46. dxe7 Qf7 {Precision: White = 36%, Black = 62%.} 0-1

[Event "XII Americas Continental-ch 2017"]
[Site "Medellin"]
[Date "2017.06.17"]
[Round "10"]
[White "Sevian, Samuel"]
[Black "Delgado Ramirez, Neuris"]
[Result "1-0"]
[WhiteElo "2601"]
[BlackElo "2613"]
[Annotator "TA"]
[PlyCount "89"]
[EventDate "2017.??.??"]
[EventType "swiss"]
[EventCountry "COL"]
[SourceTitle "playchess.com"]
[Source "ChessBase"]
[SourceQuality "1"]

{[%evp 17,89,18,29,14,20,35,38,0,0,-36,-26,-31,-25,-40,2,-72,0,0,0,0,18,16,52,50,42,39,47,45,55,54,67,67,50,52,44,35,89,47,58,56,64,78,164,154,222,223,200,210,256,131,135,132,200,198,200,73,454,448,465,298,395,429,450,460,580,521,912,889,855,833,832,791,1136,1068]} 1. e4 c5 2. Nf3 d6 3. d4 cxd4 4. Nxd4 Nf6 5. Nc3 a6 6. Be3 e5 7. Nb3 Be6 8. f3 Nbd7 9. g4 {[%cal Bg2g4,Bg4g5][%mdl 32]} b5 10. g5 {B90: Sicilian Najdorf: Unusual White 6th moves, 6 Be3 Ng4 and 6 Be3 e5} b4 11. Ne2 Ng8 12. h4 {White is slightly better.} h6 13. Qd2 $146 ({Predecessor:} 13. Bg2 hxg5 14. hxg5 Rxh1+ 15. Bxh1 Nb6 16. Qd3 Be7 17. f4 Nc4 {½-½ (104) Zhigalko,S (2639)-Sutovsky,E (2650) Poikovsky 2017}) 13... a5 14. Rg1 hxg5 15. hxg5 Qc7 16. Ng3 (16. a3 $11 {keeps the balance.}) 16... Rb8 (16... a4 $17 17. Nc1 Ne7) 17. f4 $1 $36 {[%mdl 2048] White has the initiative.} a4 18. f5 Bc4 19. Nc5 Nb6 20. Na6 Bxa6 $1 21. Bxa6 Nc4 22. Bxc4 $1 Qxc4 23. b3 Qc3 24. Qxc3 bxc3 25. O-O-O axb3 26. axb3 Rh2 (26... Rh4 $1 $14) 27. Rh1 Rg2 $1 {[%cal Rg2g3]} 28. Rdg1 Rxg1+ $1 29. Bxg1 Be7 (29... Ne7 $16) 30. Be3 $18 Ra8 (30... Bf8 $16 31. Rh7 Ne7) 31. Kb1 Kd7 32. Rh8 Rc8 33. Nh5 (33. Rh7 $18) 33... g6 $16 34. Ng3 gxf5 (34... f6 $16 {was worth a try.}) 35. Nxf5 $18 Rf8 36. Kc1 (36. b4 $18) 36... Ke6 $2 {[%mdl 8192] [#]} (36... Rb8 $16 {is a better chance.} 37. Kd1 Ke6 38. Ng7+ Kd7) 37. Kd1 Rd8 {If only Black now had time for ...d5....} 38. Ng7+ Kd7 39. Ke2 Rc8 {White is clearly winning.} 40. Nf5 Ke6 41. Nh6 Nxh6 42. Rxc8 Ng4 43. Bc1 f5 44. g6 {[#] aiming for g7.} Kf6 45. Re8 {Precision: White = 56%, Black = 35%.} 1-0

[Event "XII Americas Continental-ch 2017"]
[Site "Medellin"]
[Date "2017.06.17"]
[Round "10"]
[White "Fier, Alexandr"]
[Black "Hungaski, Robert Andrew"]
[Result "1-0"]
[WhiteElo "2576"]
[BlackElo "2492"]
[Annotator "TA"]
[PlyCount "61"]
[EventDate "2017.??.??"]
[EventType "swiss"]
[EventCountry "COL"]
[SourceTitle "playchess.com"]
[Source "ChessBase"]
[SourceQuality "1"]

{[%evp 12,61,36,39,35,42,52,24,30,19,25,21,49,39,40,42,50,33,48,2,22,11,39,39,94,108,138,148,124,94,120,89,125,81,89,75,96,79,158,156,168,137,144,144,139,116,286,319,29995,29996,29996,29997]} 1. e4 e5 2. Nf3 Nc6 3. Bb5 a6 4. Ba4 d6 5. O-O Bd7 6. c4 Nge7 {C72: Ruy Lopez: Deferred Steinitz: 5 0-0} (6... g5 7. Bxc6 Bxc6 8. Nc3 Bg7 9. d3 h6 10. Be3 Ne7 11. d4 Ng6 12. dxe5 dxe5 13. Qc2 O-O 14. Rad1 {1-0 (36) Sjugirov,S (2646)-Mamedyarov,S (2748) Doha 2015}) 7. Nc3 {LiveBook: 12 Games} g6 8. d4 {And now Bg5 would win.} Bg7 {[%cal Rc6d4] White is slightly better.} 9. d5 Nd4 10. Nxd4 $146 ({Predecessor:} 10. Bxd7+ Qxd7 11. Be3 Nxf3+ 12. Qxf3 f5 13. exf5 gxf5 14. Qh5+ {0-1 (43) Paravyan,D (2424)-Demchenko,A (2588) St Petersburg 2014}) 10... exd4 11. Ne2 b5 12. cxb5 axb5 13. Bb3 $36 {[%mdl 2048] White is more active.} c5 {aiming for ...c4.} 14. dxc6 $1 Nxc6 15. f4 {[%cal Bf2f4,Bf4f5,Bf5f6][%mdl 32]} O-O 16. f5 $1 Na5 17. Bd5 Bc6 ({Black should play} 17... Rc8 $14) 18. Nf4 $1 $16 (18. Nxd4 $6 Bxd5 19. exd5 Re8 $11) 18... Bxd5 19. Nxd5 {Strongly threatening f6.} Re8 20. f6 Bf8 21. Qd3 (21. Qxd4 Nb3 $17) 21... Nc6 22. Bf4 Qb8 23. a3 Qb7 24. Rae1 b4 ({Better is} 24... h5) 25. Qd2 $1 h5 26. Bh6 {White threatens Bxf8 and mate.} (26. Nxb4 Nxb4 27. Bh6 (27. axb4 Ra4 $15) (27. Qxb4 Qxb4 28. axb4 Re6 $11) 27... Nc2 $1 $11 {[%mdl 512]}) 26... Kh7 27. Bxf8 Rxf8 28. Rf5 $1 {[%cal Rf5h5] Rxh5+! would kill now.} ({Resist} 28. Nxb4 $6 Nxb4 29. axb4 Ra4 $11) (28. axb4 d3 $14) 28... Qd7 $2 {[#]} ({Inferior is} 28... bxa3 {[#]} 29. Rxh5+ $1 {[%mdl 512]} Kg8 30. Qh6 $1 {[%mdl 512]} gxh5 31. Qg7#) ({Not} 28... gxf5 29. Qg5 fxe4 30. Qg7#) (28... Ne5 $16) 29. Qd1 $3 $18 {[%mdl 512] White wants to mate with Rxh5+!} bxa3 $2 {[#]} (29... Kh6 $18 30. Nf4 Ra5) 30. Rxh5+ $1 {[%mdl 512]} Kg8 {[#]} (30... gxh5 31. Qxh5+) 31. Qd2 $1 {[%mdl 512] Precision: White = 82%, Black = 32%.} 1-0

[Event "XII Americas Continental-ch 2017"]
[Site "Medellin"]
[Date "2017.06.17"]
[Round "10"]
[White "Ortiz Suarez, Isan Reynaldo"]
[Black "Cori Quispe, Kevin Joel"]
[Result "1/2-1/2"]
[WhiteElo "2570"]
[BlackElo "2390"]
[Annotator "TA"]
[PlyCount "82"]
[EventDate "2017.??.??"]
[EventType "swiss"]
[EventCountry "COL"]
[SourceTitle "playchess.com"]
[Source "ChessBase"]
[SourceQuality "1"]

{[%evp 23,82,52,57,44,51,43,62,67,73,42,40,36,57,35,28,33,25,25,27,6,7,8,6,8,8,6,6,4,7,22,57,63,75,19,20,23,14,15,242,0,0,0,0,0,0,0,0,0,0,0,0,0,0,0,0,0,0,0,0,0,0]} 1. e4 c5 2. Nf3 e6 3. d4 cxd4 4. Nxd4 a6 5. c4 Nf6 6. Nc3 Qc7 7. Be2 b6 8. Be3 Bb7 9. f3 Be7 10. O-O d6 11. Qd2 O-O 12. Rfc1 Nbd7 13. a4 {B41: Sicilian: Kan Variation: 5 c4} (13. b4 Rfe8 14. Na4 Bf8 15. Rab1 Rac8 16. Bf1 Qb8 17. Qf2 Ba8 18. Nb3 Rc6 19. Rd1 Rec8 20. Rb2 Ne5 {½-½ (123) Nepomniachtchi,I (2767)-Pantsulaia,L (2607) Doha 2016}) 13... Rab8 14. Nd1 Ne5 $146 ({Predecessor:} 14... Rfc8 15. a5 bxa5 16. Rxa5 Ne5 17. b4 Nc6 18. Nxc6 Qxc6 19. c5 Bd8 20. Ra3 d5 {1-0 (39) Milanovic,D (2496)-Potpara,N (2390) Niksic 2016}) 15. a5 {White is slightly better.} bxa5 16. Qxa5 Qxa5 17. Rxa5 Rfc8 18. Ra2 d5 19. exd5 exd5 20. Nf5 Bc5 21. b4 Bxb4 {[%cal Re5c4]} 22. c5 Rc7 $1 23. Bxa6 Bxa6 24. Rxa6 Nd3 {[#] And now ...d4 would win.} 25. Rb1 $36 {[%mdl 2048] Ra3! is the strong threat. White has good play.} Nxc5 26. Ra2 {Black must now prevent Rxb4!} Ncd7 27. Rab2 $1 {[%cal Rb2b4]} Rc4 28. Bf2 {[#]} (28. Bd4 $16) 28... d4 $1 $11 {[%mdl 512]} 29. Bxd4 Nd5 30. Bf2 Re8 $2 (30... Rc6 $1 $11 {and Black stays safe.}) 31. Nfe3 $2 ({White has to play} 31. Nde3 $18 Rc5 32. Nxd5 (32. Rxb4 Nxb4 33. Rxb4 g6 $16) 32... Rxd5 33. Ne3 (33. Rxb4 Rxf5 34. h3 h6 $14) 33... Rxe3 34. Bxe3) 31... Bc5 {[%cal Rd5e3] The position is equal.} 32. Rb3 Nxe3 33. Nxe3 Ra4 34. Rb7 Bxe3 35. Bxe3 Rxe3 36. Rxd7 {[%mdl 4096] Endgame Intending Rd8+ and mate. KRR-KRR} g6 37. Rb8+ Kg7 {Strongly threatening ...Ra2.} 38. Rbb7 Rf4 39. Kf2 Ra3 40. Kg3 Rf5 41. h4 h5 {Precision: White = 57%, Black = 76%.} 1/2-1/2

[Event "XII Americas Continental-ch 2017"]
[Site "Medellin"]
[Date "2017.06.17"]
[Round "10"]
[White "Flores, Diego"]
[Black "Kovalyov, Anton"]
[Result "1-0"]
[WhiteElo "2567"]
[BlackElo "2643"]
[Annotator "TA"]
[PlyCount "53"]
[EventDate "2017.??.??"]
[EventType "swiss"]
[EventCountry "COL"]
[SourceTitle "playchess.com"]
[Source "ChessBase"]
[SourceQuality "1"]

{[%evp 14,53,18,17,31,8,21,10,32,-2,50,68,76,68,107,87,112,96,132,88,164,166,174,178,170,209,173,127,999,1014,904,987,966,944,1110,1068,1065,1060,1713,955,955,952]} 1. c4 Nf6 2. g3 e6 3. Bg2 d5 4. Nf3 Be7 5. O-O O-O 6. b3 c6 7. Bb2 b5 8. Qc2 Bb7 {A14: English Opening: 1...e6 with b3 by White} 9. d3 a5 10. Nc3 $146 ({Predecessor:} 10. Nbd2 Na6 11. a3 b4 12. a4 Rc8 13. e4 Nc5 14. e5 Ne8 15. Rad1 Nd7 16. Rfe1 g6 17. Nf1 Ng7 18. Ne3 Re8 19. Bc1 {1-0 (45) Sorokin,M (2574)-Piankov,E (2374) Linares 2000}) 10... a4 {The position is equal.} 11. cxd5 exd5 (11... a3 $11 12. d6 Qxd6) 12. bxa4 $14 b4 13. Nd1 Qa5 14. Ne3 {[%cal Bd1e3,Be3f5,Bf5h6,Bh6f7,Bf7d6][%mdl 32]} Qxa4 15. Qc1 {And now Nf5 would win.} Bc8 16. Nd4 Bd8 (16... Re8 $16) 17. Nef5 {Black must now prevent Qg5.} Ne8 18. e4 dxe4 19. Bxe4 Bf6 20. Re1 {Strongly threatening Nh6+!} Ra5 $2 {[%mdl 8192] [#]} (20... Bxf5 $16 21. Nxf5 Bxb2 22. Qxb2 Kh8) 21. Nh6+ $1 $18 {[%mdl 512] White is clearly winning.} Kh8 {[#]} (21... gxh6 22. Qxh6) 22. Nxf7+ $1 {[%mdl 512]} Kg8 (22... Rxf7 23. Bxc6) 23. Qc4 {White wants to mate with Nh6+.} Rd5 24. Bxd5 cxd5 25. Qxc8 Nd6 26. Qxf8+ Kxf8 27. Nxd6 {Precision: White = 77%, Black = 21%.} 1-0